Statistics for Artists who reached #1 in the USA that starts with 0-9

Click here to take the quiz!

General Stats

  • This quiz has been taken 21 times
    (5 since last reset)
  • The average score is 2 of 10

Answer Stats

#SongArtist% Correct
4In Da Club50 Cent
80%
2I Can't Help Myself (Sugar Pie Honey Bunch)Four Tops
40%
1California Love2pac
40%
1I'll Be Missing You112
20%
1When Will I See You AgainThe Three Degrees
20%
4Black & WhiteThree Dog Night
20%
1Love is a Many-Splendored ThingFour Aces
0%
5Santa Claus Is Coming to TownThe Four Seasons
0%
1Thank God I Found You98 Degrees
0%
1Rockstar21 Savage
0%

Score Distribution

Percentile by Number Answered

Percent of People with Each Score

Your Score History

You have not taken this quiz since the last reset